[Event "DRUGA LIGA CENTRALNE SRBIJE 2012 - Istok"]
[Site "Pozarevac, Hotel DUNAV"]
[Date "2012.09.16"]
[Round "4.57"]
[White "Nikic, Dragan"]
[Black "Milic, Ivica"]
[Result "1/2-1/2"]
[WhiteElo "1843"]
[BlackElo "1980"]
[PlyCount "0"]
[EventDate "2012.09.14"]

1.e4 c6 2.d4 d5 3.Nc3 dxe4 4.Nxe4 Nd7 5.Be3 Ngf6 6.Bd3 Nxe4 7.Bxe4
Nf6 8.Bd3 Bg4 9.f3 Bh5 10.Qd2 e6 11.O-O-O Nd5 12.Kb1 Qb6 13.Ka1
Nxe3 14.Qxe3 O-O-O 15.Ne2 Bd6 16.c4 Bb8 17.Be4 Bg6 18.Rd3 e5
19.Bxg6 hxg6 20.Qg5 1/2-1/2

[Event "DRUGA LIGA CENTRALNE SRBIJE 2012 - Istok"]
[Site "Pozarevac, Hotel DUNAV"]
[Date "2012.09.16"]
[Round "4.58"]
[White "Ljuboja, Ognjen **"]
[Black "Korbovljanovic, Natasa **"]
[Result "1-0"]
[WhiteElo "1789"]
[BlackElo "1839"]
[PlyCount "0"]
[EventDate "2012.09.14"]

1.e4 e5 2.Nf3 Nf6 3.Nxe5 d6 4.Nf3 Nxe4 5.d3 Nf6 6.Be2 Be7 7.O-O
O-O 8.Nc3 Nc6 9.Re1 Bg4 10.h3 Bh5 11.Bg5 Qd7 12.Bxf6 Bxf6 13.Nd5
Bxb2 14.Rb1 Bxf3 15.Bxf3 Bd4 16.Rxb7 Bb6 17.Qb1 Na5 18.Rxb6 axb6
19.Ne7+ Kh8 20.Bxa8 Rxa8 21.Nd5 Qc6 22.c4 Nb7 23.Re7 Rc8 24.Rxf7
Nc5 25.d4 Nd7 26.Qf5 Rd8 27.Qg5 Rg8 28.Ne7 Qxc4 29.Ng6+ 1-0